Basic Mathematics : (Record no. 782723)

MARC details
000 -LEADER
fixed length control field 00487nam a22001817a 4500
003 - CONTROL NUMBER IDENTIFIER
control field 330010
005 - DATE AND TIME OF LATEST TRANSACTION
control field 20250815093847.0
008 - FIXED-LENGTH DATA ELEMENTS--GENERAL INFORMATION
fixed length control field 250815b sa ||||| |||| 00| 0 eng d
020 ## - INTERNATIONAL STANDARD BOOK NUMBER
International Standard Book Number <a href="9781485102007">9781485102007</a>
Qualifying information (pbk)
040 ## - CATALOGING SOURCE
Transcribing agency 3228
082 #0 - DEWEY DECIMAL CLASSIFICATION NUMBER
Classification number 510 WEGN
942 ## - ADDED ENTRY ELEMENTS
Creator ID 190
Creator Name Dudu Mondlane
Modifier ID 190
Modifier Name Dudu Mondlane
100 ## - MAIN ENTRY--PERSONAL NAME
Personal name WEGNER, Trevor
245 ## - TITLE STATEMENT
Title Basic Mathematics :
Cover Title A Revision Primer For Management Students
250 ## - EDITION STATEMENT
Edition statement 2nd Ed.
260 ## - PUBLICATION, DISTRIBUTION, ETC.
Place of publication, distribution, etc. Cape Town
Name of publisher, distributor, etc. Juta & Co. Ltd
Date of publication, distribution, etc. 2013
300 ## - PHYSICAL DESCRIPTION
Extent ix, 150 pages
Dimensions 24 cm
942 ## - ADDED ENTRY ELEMENTS
Source of classification or shelving scheme Dewey Decimal Classification
item type Book
Holdings
Withdrawn status Lost status Source of classification or shelving scheme Damaged status Not for loan Collection code Home library Current library Shelving location Date acquired Total Checkouts Full call number Barcode Date last seen Price effective from item type Cost, normal purchase price
    Dewey Decimal Classification     500: Science Hluvukani Public Library Hluvukani Public Library Reference 19.08.2025   510 WEGN 3300610005445 19.08.2025 19.08.2025 Book 298.95
    Dewey Decimal Classification     500: Science Kanyamazane Kanyamazane Non Fiction 15.08.2025   510 WEGN 330012024824 15.08.2025 15.08.2025 Book